Multiple Choice City Quiz – Greifswald - Statistics

General Stats
  • This quiz has been taken 6 times
  • The average score is 6 of 10
Answer Stats
Question Answer % Correct
In which of the four Allied occupation zones was Greifswald located after World War II? Soviet Zone
100%
Which of these images depicts Greifswald?
80%
Near which two islands is Greifswald located Rügen and Usedom
80%
Which medieval league or alliance was Greifswald a member of? The Hanseatic League
80%
When did Greifswald reach its peak population? 1988
60%
On what river is Greifswald located? Ryck
60%
Which country had control over Greifswald from 1630 to 1815 Sweden
60%
Who was a famous painter born in Greifswald? Caspar David Friedrich
40%
Which of the following statements applies to Greifswald? It is located further north than Leeds
40%
Which sector employs the most people in Greifswald and makes the greatest contribution to the local economy? The University of Greifswald and its research institutes
40%
No matching quizzes found
Score Distribution
Percent of People with Each Score
Percentile by Number Answered
Your Score History
You have not taken this quiz